00602 2200205 4500001002100000005001700021008004100038020001800079035002400097040001200121090002000133100001700153245008800170250001000258260003200268300003000300650003200330850001200362990002200374YOGYA-0212000000018120120213220455.0 ind  a979-383-154-5 0010-021200000000181 aYOPDYOG aDEP 510.7 Don S aDono Santosa aSuper genius matematika SMA/MA/IPA/IPA / DONO sANTOSA; pENYUNTING, sRI wULANDARI M. aCet.1 aYogyakartabCakrawalac2011 aVII, 372 hlmbilusc28 cm aMatematika-Ujian, Soal, dsb aYOPDYOG aCB-D.11-2011-1523